Statistics for Taylor Swift mystery lyrics #2

Click here to take the quiz!

General Stats

  • This quiz has been taken 97 times
    (67 since last reset)
  • The average score is 173 of 247

Answer Stats

Answer% Correct
a
98%
I
98%
the
95%
The
95%
you
95%
You
95%
and
90%
And
90%
we
90%
When
90%
when
90%
It
89%
it
89%
to
87%
me
86%
in
83%
so
83%
was
83%
were
83%
your
83%
Your
83%
on
79%
no
78%
what
78%
my
76%
that
75%
with
75%
did
73%
like
73%
of
73%
time
73%
up
70%
us
70%
say
68%
at
67%
day
65%
every
65%
how
65%
How
65%
see
65%
end
63%
one
63%
over
63%
way
63%
friend
60%
had
60%
now
60%
came
59%
New
59%
off
59%
thought
59%
again
57%
dancin'
57%
hands
57%
head
57%
hell
57%
into
57%
real
57%
always
56%
call
56%
'cause
56%
home
56%
lost
56%
maroon
56%
saw
56%
scarlet
56%
shoes
56%
that's
56%
York
56%
blood
54%
gave
54%
leave
54%
morning
54%
rosé
54%
sky
54%
T-shirt
54%
used
54%
cheeks
52%
feel
52%
floor
52%
fucking
52%
lose
52%
memory
52%
rushed
52%
splashed
52%
track
52%
wine
52%
closest
51%
collarbone
51%
How'd
51%
lap
51%
Laughing
51%
legacy
51%
lips
51%
mark
51%
roommate's
51%
shit
51%
sight
51%
ain't
49%
anyway
49%
between
49%
burgundy
49%
cheap-ass
49%
ends
49%
feet
49%
grew
49%
telephones
49%
hallway
48%
looked
48%
rust
48%
shelf
48%
standing
48%
wake
48%
cleaning
46%
roses
46%
rubies
46%
screw-top
46%
vinyl
46%
Carnations
44%
chose
44%
hazy
44%
matter
44%
hollow-eyed
43%
incense
43%
blind
41%
shaking
38%
silence
38%
Sobbin'
38%

Score Distribution

Percentile by Number Answered

Percent of People with Each Score

Your Score History

You have not taken this quiz since the last reset